00710nam a2200229 i 4500003000900000005001700009007000300026008004100029020001800070040003000088041000800118082002400126100003200150245007800182264005400260300002800314336002700342337003300369338002800402650002400430650002600454DO-SdBNP20241022140121.0ta240411s2018 dr 000 p spa d a9781980273851 aDO-SdBNPbspacBNPHUerda aspa 4aRD863.44bS684p2221 aSolano, Miguel4aut.eautor13aLos perros de trementina :bel ratonero y otros cuentos /cMiguel Solano. 1aSanto Domingo :b[editor no identificado] ;c2018 a110 páginas ;c26 cm. atextobtxt2rdacontent asin mediaciónbn2rdamedia avolumenbnc2rdacarrier 7aCuentos dominicanos 7aLiteratura dominicana